Statistics for CHALLENGE 21

Click here to take the quiz!

General Stats

  • This quiz has been taken 2 times
  • The average score is 6 of 15

Answer Stats

Hint Answer % Correct
+31463512these
100%
+54580137numbers
100%
-03433831are
100%
+13048016given
100%
+33580650you
50%
CHOOSE ONEONE
50%
-34365822one
50%
-27281530what
0%
+47012854do
0%
+42217103they
0%
+59541045represent?
0%
OF THESE FOUROF FOUR
0%
+31131212which
0%
+45040741is
0%
+48510221correct?
0%

Score Distribution

Percentile by Number Answered

Percent of People with Each Score

Your Score History

You have not taken this quiz